|
|
|
|
| LEADER |
01395cas a2200241 a 4500 |
| 001 |
AALejournalIMF019676 |
| 008 |
230101c9999 xx r poo 0 0eng d |
| 020 |
|
|
|c 5.00 USD
|
| 020 |
|
|
|z 9781498333542
|
| 022 |
|
|
|a 2663-3493
|
| 040 |
|
|
|a BD-DhAAL
|c BD-DhAAL
|
| 110 |
2 |
|
|a International Monetary Fund.
|
| 245 |
1 |
0 |
|a Fiscal Policy Response to Scaled-Up Aid.
|
| 264 |
|
1 |
|a Washington, D.C. :
|b International Monetary Fund,
|c 2007.
|
| 300 |
|
|
|a 1 online resource (27 pages)
|
| 490 |
1 |
|
|a Policy Papers
|
| 500 |
|
|
|a <strong>Off-Campus Access:</strong> No User ID or Password Required
|
| 500 |
|
|
|a <strong>On-Campus Access:</strong> No User ID or Password Required
|
| 506 |
|
|
|a Electronic access restricted to authorized BRAC University faculty, staff and students
|
| 520 |
3 |
|
|a Sound fiscal policies are critical for handling aid volatility as well as for making effective use of scaled-up aid and other flows. By easing resource constraints, these flows allow low-income countries (LICs) to increase spending aimed at enhancing growth and reducing poverty. Effective management of these policies, however, presents a host of macroeconomic challenges, many of them fiscal.
|
| 538 |
|
|
|a Mode of access: Internet
|
| 830 |
|
0 |
|a Policy Papers; Policy Paper ;
|v No. 2007/020
|
| 856 |
4 |
0 |
|z Full text available on IMF
|u http://elibrary.imf.org/view/journals/007/2007/020/007.2007.issue-020-en.xml
|z IMF e-Library
|